| 000 | 01506nam a22003495i 4500 | ||
|---|---|---|---|
| 003 | EG-ScBUE | ||
| 005 | 20220720102853.0 | ||
| 008 | 180109s2000 ua f 000 0 ara d | ||
| 017 | _a99 / 16923 | ||
| 020 | _a9772820684 | ||
| 040 |
_aEG-ScBUE _bara _erda _cEG-ScBUE _dEG-ScBUE |
||
| 041 | 1 |
_aara _heng |
|
| 082 | 0 | 4 |
_a337 _bف ر ي _222 |
| 100 | 1 |
_aفريدمان، توماس، _d1953- _eمؤلف. |
|
| 240 | 1 | 4 |
_aLexus and the olive tree : understanding globalization. _lArabic |
| 245 | 1 | 2 |
_aالسيارة ليكساس وشجرة الزيتون : _bمحاولة لفهم العولمة / _cتأليف توماس ل. فريدمان ؛ ترجمة ليلى زيدان ؛ مراجعة فايزة حكيم. |
| 250 | _aالطبعة الأولى. | ||
| 264 | 1 |
_aالقاهرة : _bالدار الدولية للنشر والتوزيع، _c2000. |
|
| 300 |
_a589 صفحة ؛ _c24 سم |
||
| 336 |
_2rdacontent _aنص _btxt |
||
| 337 |
_2rdamedia _aبدون وسيط _bn |
||
| 338 |
_2rdacarrier _aمجلد _bnc |
||
| 546 | _aالنص باللغة العربية وتم ترجمته من اللغة الإنجليزية. | ||
| 650 | 7 |
_aالعولمة _xجوانب اقتصادية. _2BUEsh |
|
| 650 | 7 |
_aالعلاقات الاقتصادية الدولية. _2BUEsh _915470 |
|
| 651 | _2BUEsh | ||
| 653 |
_bGGEN _bBUSECO _cJanuary2018 |
||
| 655 |
_vReading book _934232 |
||
| 700 | 1 |
_aزيدان، ليلى، _eمترجم. _926952 |
|
| 700 | 1 |
_aحكيم، فايزة، _eمراجع. _916084 |
|
| 942 | _2ddc | ||
| 999 |
_c25903 _d25875 |
||